Modelo de editor estructurado orientado a la sintaxis

Uloženo v:
Podrobná bibliografie
Hlavní autor: Vásquez Morera, Javier
Médium: Kniha
Vydáno: [San José , Costa Rica] 1985
Témata:
Tagy: Přidat tag
Žádné tagy, Buďte první, kdo vytvoří štítek k tomuto záznamu!

MARC

LEADER 00000nam a2200000Ia 4500
003 002709
005 20221231144405.0
008 140114s1985 cr a m 000 ||s d
040 |c cru CEDI 
090 |a TFG 1624 
100 |a Vásquez Morera, Javier  |9 14662 
245 |a Modelo de editor estructurado orientado a la sintaxis  
260 |c 1985  |a [San José , Costa Rica] 
300 |a  iv, 289 hojas : ilustraciones ; 28 cm  
500 |a  Tesis (licenciatura en computación e informática)--Universidad de Costa Rica. Facultad de Ingeniería. Escuela de Ciencias de la Computación e Informática 
650 |x PROGRAMAS PARA COMPUTADORA   |9 14663 
942 |c TFG 
999 |c 21177  |d 21177